Yamanashi kenshi. Shiryō hen /

Saved in:
Bibliographic Details
Corporate Author: Yamanashi-ken (Japan)
Format: Book
Language:Japanese
Published: Kōfu-shi : Yamanashi-ken : Yamanashi Nichinichi Shinbunsha, Heisei 8- [1996-
Subjects:
Tags: Add Tag
No Tags, Be the first to tag this record!
LEADER 02214cam a2200337 a 4500
001 009010237-1
005 20051110152112.0
008 980223m19969999ja a s000 0 jpn
035 0 |a ocm39124097 
040 |a DLC  |c DLC 
043 |a a-ja--- 
050 0 0 |a DS894.59.Y348  |b Y36 1996 
245 0 0 |6 880-01  |a Yamanashi kenshi.  |p Shiryō hen /  |c [henshū Yamanashi-ken]. 
260 |6 880-02  |a Kōfu-shi :  |b Yamanashi-ken :  |b Yamanashi Nichinichi Shinbunsha,  |c Heisei 8- [1996- 
300 |a v. :  |b ill. ;  |c 22-27 cm. 
500 |a Vol. 1 accompanied by "Yamanashi-ken shuyō iseki bunpuzu" (1 folded map) in an envelope. 
500 |a Vol. 4 accompanied by "Bessatsu shashinshū" (296 p. : ill. ; 22 cm.). 
500 |a Vol. 5 accompanied by "Bessatsu shashinshū" (283 p. : ill. ; 22 cm.) 
500 |a Vol. 7 accompanied by "Bessatsu Kai no chūsei sekitō" (165 p. : ill. , 26 cm). 
500 |a Vol. 8 accompanied by "Furoku" (3 folded maps) in a case. 
500 |a Vol. 18 accompanied by "Bessatsu Yamanashi-ken Fuji Kogyō Gijutsu Sentā shozō gunnai orimono kankei shiryoshū" (243 p. ; 22 cm.). 
500 |a Vol. 19 accompanied by "Yamanashi (ken) kyōikukai kikanshi sōmokuji" (156 p. ; 22 cm.). 
505 1 |a 1. Genshi, kodai I (iseki) -- 2. Genshi, kodai II, kōko (ikō, ibutsu) -- 3. Genshi, kodai III, (bunken moji shiryō) -- 4. Chūsei I (kennai monjo) -- 5. Chūsei II (pt. 1-2: kengai monjo) -- 6. Chūsei III, (pt. 1: kennai kiroku, pt.2: kengai kiroku) -- 7. Chūsei IV, Kō shiryō -- 8. Kinsei I, Ryōshu -- 9. Kinsei II, Kōfu machikata -- 10-12. Kinsei III-V, zaikata I-III -- 13. Kinsei IV, Zenken (2 prts.) 14-15. Kin-gendai I-II, seiji gyōsei I-II -- 16. Kin-gendai III -- 17. Kin-gendai IV, keizai shakai II -- 18. Kin-gendai V, keizai shakai III -- 19. Kin-gendai VI, kyōiku bunka. 
651 0 |6 880-03  |a Yamanashi-ken (Japan)  |x History  |x Sources. 
710 1 |6 880-04  |a Yamanashi-ken (Japan) 
880 0 0 |6 245-01  |a 山梨県史.  |p 資料編 /  |c [編集山梨県]. 
880 |6 260-02  |a 甲府市 :  |b 山梨県 :  |b 山梨日日新聞社,  |c 平成 8- [1996- 
880 4 |6 651-03  |a 山梨県 (Japan)  |x History  |x Sources. 
880 1 |6 710-04  |a 山梨県 (Japan) 
988 |a 20021223 
906 |0 DLC